000
00222 a2200097 4500
001
29868
100
_a
Coffron James
245
_a
Getting started digital trouble shooting
260
_a
_b
Reston
_c
090
_c
19866
_d
19866
942
_a
NUST-CAE
_c
M
_c
10964
999
_c
264941
_d
264941